| 000 | 00384 a2200145 4500 | ||
|---|---|---|---|
| 005 | 20241204170132.0 | ||
| 008 | 241204b |||||||| |||| 00| 0 eng d | ||
| 020 | _a9789355516473 | ||
| 041 | _aEnglish | ||
| 100 | _aJain S. | ||
| 245 |
_aStartup Masterclass _b: Spark Disruptive Change And Lead The Future With Your Startup |
||
| 260 |
_bBPB _c2024 |
||
| 300 | _a130 | ||
| 942 | _cBK | ||
| 999 |
_c362213 _d362213 |
||